00702nam a2200241 a 4500001001300000003000900013005001700022008004100039020001000080082001700090100002100107245003700128260004200165300000900207500003500216505001700251650002400268700002100292902000800313942000700321952011700328999001500445nice12345678IN_TiNIC20260116011503.0050524s1951 chia grp 000 0 eng  ac10000a909.094bKNO aKnoles, George H aReadings in Western Civilization aChicagobJ.B. Lippincott and Coc1951 a922p aincludes index and biblioraphy2 aIllustration aCivilization-Europe1 aKnoles, George H bSRS cBK 001040708StackRoom-aHMIbHMId2007-06-05g100.00l0o909.094 KNOp02300r2007-06-05v100.00w2005-05-24yBK c1979d1979